Reservations
Gespeichert in:
| 1. Verfasser: | |
|---|---|
| Format: | Unbekannt |
| Sprache: | Englisch |
| Veröffentlicht: |
New York, USA
Alfred A Knopf
1980
|
| Schlagworte: | |
| Tags: |
Tag hinzufügen
Keine Tags, Fügen Sie den ersten Tag hinzu!
|
MARC
| LEADER | 00000 a2200000 4500 | ||
|---|---|---|---|
| 003 | CL-VaPUC | ||
| 005 | 20210825122153.0 | ||
| 008 | 210715b1980 ||||| |||| 00| 0 eng d | ||
| 999 | |c 433310 |d 433308 | ||
| 020 | |a 0-394-73842-X | ||
| 040 | |c Pontificia Universidad Católica de Valparaíso | ||
| 082 | |a 779.9747885 KEA 1980 | ||
| 100 | |a Keaton, Diane |9 481014 | ||
| 245 | |a Reservations | ||
| 260 | |a New York, USA |b Alfred A Knopf |c 1980 | ||
| 300 | |a sin paginación; |b fotos en blanco y negro | ||
| 583 | |k Cristina Rojas |c 20210715 | ||
| 650 | |a Hoteles |v Vestíbulos |x Fotografías |z Estados Unidos |9 862306 | ||
| 942 | |2 ddc |c BK | ||
| 952 | |0 0 |1 0 |2 ddc |4 0 |6 779_974788500000000_KEA_1980 |7 0 |8 R |9 578407 |a BIBART |b BIBART |d 2021-07-15 |e 139 |g 0.00 |i 5586194 |o 779.9747885 KEA 1980 |p 5586194 |r 2025-03-13 |t 1 |v 0.00 |w 2021-07-15 |y BK_R |k ART | ||